000 00708nam a22002417a 4500
001 65687
003 UA-OsUOA
005 20231103104519.0
007 ta
008 20091204b un ||||| |||| 00| 0 ukr d
020 _a5770764961
040 _aUA-OsUOA
_bukr
_cUA-OsUOA
_dUA-OsUOA
041 _aukr
080 _a821.161.2
090 _a821.161.2
_bГ61
100 _aГолод М.-А.
245 _aСтаросвітські легенди
_bновели
_cМарія-Анна Голод
260 _aК.
_c1995
_bРада
300 _a78 с.
650 7 _a821 Художня література окремими мовами і мовними сім'ями
_2UDC
942 _cBK
_2udc
955 _a3
999 _c351812
_d351812